[Event "Wroclaw"]
[Site "?"]
[Date "2020.08.27"]
[Round "3.8"]
[White "Lichorad, Mateusz"]
[Black "Oglaza, Oskar"]
[Result "0-1"]
[BlackElo "2183"]
[WhiteElo "1656"]
[LiveChessVersion "1.4.8"]

1. d4 {[%clk 0:03:03]} Nf6 {[%clk 0:03:01]} 2. Nf3 {[%clk 0:03:04]} e6
{[%clk 0:02:52]} 3. g3 {[%clk 0:03:03]} b5 {[%clk 0:02:46]} 4. Bg2
{[%clk 0:03:01]} Bb7 {[%clk 0:02:46]} 5. O-O {[%clk 0:02:56]} Be7
{[%clk 0:02:43]} 6. a4 {[%clk 0:02:51]} a6 {[%clk 0:02:33]} 7. Na3
{[%clk 0:02:26]} b4 {[%clk 0:02:06]} 8. Nc4 {[%clk 0:02:26]} O-O {[%clk 0:02:01]}
9. c3 {[%clk 0:02:06]} bxc3 {[%clk 0:01:40]} 10. bxc3 {[%clk 0:02:06]} d5
{[%clk 0:01:23]} 11. Na5 {[%clk 0:02:02]} Bc8 {[%clk 0:01:23]} 12. Ne5
{[%clk 0:01:58]} Bd6 {[%clk 0:00:37]} 13. Rb1 {[%clk 0:01:29]} c5
{[%clk 0:00:29]} 14. Nb7 {[%clk 0:01:27]} Bxb7 {[%clk 0:00:26]} 15. Rxb7
{[%clk 0:01:28]} Qc8 {[%clk 0:00:26]} 16. Rb1 {[%clk 0:01:14]} Nc6
{[%clk 0:00:23]} 17. Bf4 {[%clk 0:01:11]} Qc7 {[%clk 0:00:22]} 18. Nxc6
{[%clk 0:00:53]} Qxc6 {[%clk 0:00:23]} 19. Bxd6 {[%clk 0:00:53]} Qxd6
{[%clk 0:00:24]} 20. a5 {[%clk 0:00:49]} Nd7 {[%clk 0:00:23]} 21. Qa4
{[%clk 0:00:49]} Rfb8 {[%clk 0:00:14]} 22. h4 {[%clk 0:00:43]} f5
{[%clk 0:00:07]} 23. Qa3 {[%clk 0:00:28]} Qc6 {[%clk 0:00:07]} 24. e3
{[%clk 0:00:25]} c4 {[%clk 0:00:07]} 25. Rb4 {[%clk 0:00:23]} Rxb4
{[%clk 0:00:04]} 26. Qxb4 {[%clk 0:00:23]} Rb8 {[%clk 0:00:05]} 27. Qe7
{[%clk 0:00:24]} Nf6 {[%clk 0:00:05]} 28. Qa7 {[%clk 0:00:18]} Ra8
{[%clk 0:00:06]} 29. Qe7 {[%clk 0:00:18]} Re8 {[%clk 0:00:06]} 30. Qa3
{[%clk 0:00:17]} Qb5 {[%clk 0:00:06]} 31. Ra1 {[%clk 0:00:17]} Kf7
{[%clk 0:00:05]} 32. Kh2 Re7 33. Qd6 {[%clk 0:00:15]} Rd7 {[%clk 0:00:07]} 34.
Qb6 {[%clk 0:00:15]} Rb7 {[%clk 0:00:08]} 35. Qd6 {[%clk 0:00:16]} Ne8
{[%clk 0:00:09]} 36. Qa3 {[%clk 0:00:16]} Qb3 {[%clk 0:00:09]} 37. Qc1
{[%clk 0:00:17]} Nd6 {[%clk 0:00:09]} 38. Ra3 {[%clk 0:00:17]} Qb2
{[%clk 0:00:09]} 39. Qxb2 {[%clk 0:00:17]} Rxb2 {[%clk 0:00:11]} 40. Kh3
{[%clk 0:00:16]} Nb5 {[%clk 0:00:12]} 41. Ra1 {[%clk 0:00:16]} Nxc3
{[%clk 0:00:13]} 42. f3 {[%clk 0:00:14]} Ne2 {[%clk 0:00:09]} 43. e4
{[%clk 0:00:13]} c3 {[%clk 0:00:09]} 44. Bf1 {[%clk 0:00:12]} Ng1# 0-1

[Event "Wroclaw"]
[Site "?"]
[Date "2020.08.27"]
[Round "3.9"]
[White "Wasik, Mateusz"]
[Black "Ochedzan, Tymon"]
[Result "0-1"]
[BlackElo "1972"]
[WhiteElo "1312"]
[LiveChessVersion "1.4.8"]

1. e4 {[%clk 0:03:03]} c5 {[%clk 0:03:03]} 2. Nf3 {[%clk 0:03:04]} d6
{[%clk 0:03:04]} 3. d4 {[%clk 0:03:05]} cxd4 {[%clk 0:03:05]} 4. Nxd4
{[%clk 0:03:06]} Nf6 {[%clk 0:03:05]} 5. Nc3 {[%clk 0:03:07]} a6 {[%clk 0:03:05]}
6. Be2 {[%clk 0:03:07]} e5 {[%clk 0:03:04]} 7. Nf3 {[%clk 0:03:08]} Be7
{[%clk 0:03:00]} 8. Bg5 {[%clk 0:03:08]} Be6 {[%clk 0:02:44]} 9. Bxf6
{[%clk 0:02:38]} Bxf6 {[%clk 0:02:45]} 10. O-O {[%clk 0:02:04]} O-O
{[%clk 0:02:42]} 11. Nd5 {[%clk 0:02:05]} Be7 {[%clk 0:02:09]} 12. c3
{[%clk 0:01:59]} Nc6 {[%clk 0:02:03]} 13. Qd2 {[%clk 0:01:43]} Bxd5
{[%clk 0:01:07]} 14. Qxd5 {[%clk 0:01:43]} Qb6 {[%clk 0:01:01]} 15. Qb3
{[%clk 0:01:06]} Qxb3 {[%clk 0:00:58]} 16. axb3 {[%clk 0:01:07]} Nd8
{[%clk 0:00:52]} 17. Rfd1 {[%clk 0:01:02]} Ne6 {[%clk 0:00:52]} 18. b4
{[%clk 0:00:50]} Rac8 {[%clk 0:00:52]} 19. Bd3 {[%clk 0:00:36]} Rfd8
{[%clk 0:00:45]} 20. Bc2 {[%clk 0:00:28]} g6 {[%clk 0:00:26]} 21. Bb3
{[%clk 0:00:26]} Kg7 {[%clk 0:00:24]} 22. g3 {[%clk 0:00:18]} Nc7
{[%clk 0:00:23]} 23. Ne1 {[%clk 0:00:11]} f5 {[%clk 0:00:24]} 24. f3
{[%clk 0:00:11]} Bg5 {[%clk 0:00:22]} 25. Ng2 {[%clk 0:00:11]} fxe4
{[%clk 0:00:22]} 26. fxe4 {[%clk 0:00:12]} Nb5 {[%clk 0:00:21]} 27. Rf1
{[%clk 0:00:08]} Rf8 {[%clk 0:00:21]} 28. Rxf8 {[%clk 0:00:05]} Rxf8
{[%clk 0:00:23]} 29. Rf1 {[%clk 0:00:06]} Rxf1+ {[%clk 0:00:23]} 30. Kxf1
{[%clk 0:00:07]} Bc1 {[%clk 0:00:24]} 31. c4 {[%clk 0:00:06]} Nd4
{[%clk 0:00:24]} 32. Ba4 {[%clk 0:00:07]} b5 {[%clk 0:00:22]} 33. cxb5
{[%clk 0:00:07]} axb5 {[%clk 0:00:24]} 34. Bd1 {[%clk 0:00:08]} Bxb2
{[%clk 0:00:24]} 35. Ne1 {[%clk 0:00:08]} Bc3 {[%clk 0:00:24]} 36. Nd3
{[%clk 0:00:09]} Nc6 {[%clk 0:00:23]} 37. Be2 {[%clk 0:00:07]} Bxb4
{[%clk 0:00:23]} 38. Nxb4 {[%clk 0:00:08]} Nxb4 {[%clk 0:00:24]} 39. Bxb5
{[%clk 0:00:08]} Kf6 {[%clk 0:00:25]} 40. Bc4 {[%clk 0:00:07]} Nc2
{[%clk 0:00:25]} 41. Ke2 {[%clk 0:00:08]} Nd4+ {[%clk 0:00:26]} 42. Kf2
{[%clk 0:00:08]} Ke7 {[%clk 0:00:25]} 43. Bd5 {[%clk 0:00:07]} g5
{[%clk 0:00:25]} 44. g4 Kd8 {[%clk 0:00:24]} 45. Ke3 {[%clk 0:00:04]} Kc7
{[%clk 0:00:25]} 46. Kd3 {[%clk 0:00:04]} Kb6 {[%clk 0:00:26]} 47. Kc3
{[%clk 0:00:04]} Kc5 {[%clk 0:00:27]} 48. Bg8 {[%clk 0:00:03]} h6
{[%clk 0:00:27]} 49. Bf7 {[%clk 0:00:04]} Nf3 {[%clk 0:00:27]} 50. h3
{[%clk 0:00:05]} Ng1 {[%clk 0:00:28]} 51. h4 {[%clk 0:00:05]} gxh4
{[%clk 0:00:29]} 52. Be6 {[%clk 0:00:06]} h3 {[%clk 0:00:30]} 53. Kd2
{[%clk 0:00:05]} h2 {[%clk 0:00:31]} 0-1

[Event "Wroclaw"]
[Site "?"]
[Date "2020.08.27"]
[Round "4.1"]
[White "Szpar, Milosz"]
[Black "Teclaf, Pawel"]
[Result "0-1"]
[BlackElo "2383"]
[WhiteElo "2275"]
[LiveChessVersion "1.4.8"]

1. d4 {[%clk 0:03:02]} Nf6 {[%clk 0:03:04]} 2. c4 {[%clk 0:03:04]} e6
{[%clk 0:03:05]} 3. Nf3 {[%clk 0:03:04]} b6 {[%clk 0:03:06]} 4. a3
{[%clk 0:03:05]} Bb7 {[%clk 0:03:06]} 5. Nc3 {[%clk 0:03:06]} d5 {[%clk 0:03:06]}
6. cxd5 {[%clk 0:03:06]} Nxd5 {[%clk 0:03:06]} 7. Qc2 {[%clk 0:03:04]} Be7
{[%clk 0:02:56]} 8. e4 {[%clk 0:03:03]} Nxc3 {[%clk 0:02:56]} 9. bxc3
{[%clk 0:03:04]} O-O {[%clk 0:02:50]} 10. Bd3 {[%clk 0:03:05]} c5
{[%clk 0:02:51]} 11. O-O {[%clk 0:03:04]} Nc6 {[%clk 0:02:45]} 12. d5
{[%clk 0:02:38]} exd5 {[%clk 0:02:24]} 13. exd5 {[%clk 0:02:39]} Qxd5
{[%clk 0:02:25]} 14. Bxh7+ {[%clk 0:02:39]} Kh8 {[%clk 0:02:26]} 15. Be4
{[%clk 0:02:33]} Qh5 {[%clk 0:02:19]} 16. Re1 {[%clk 0:02:24]} Bf6
{[%clk 0:02:14]} 17. Bf4 {[%clk 0:02:02]} Rfe8 {[%clk 0:01:38]} 18. Rad1
{[%clk 0:01:59]} Na5 {[%clk 0:01:36]} 19. Bxb7 {[%clk 0:01:42]} Nxb7
{[%clk 0:01:37]} 20. Rxe8+ {[%clk 0:01:38]} Rxe8 {[%clk 0:01:38]} 21. Qa4
{[%clk 0:01:32]} Rd8 {[%clk 0:01:13]} 22. Rxd8+ {[%clk 0:01:28]} Nxd8
{[%clk 0:01:14]} 23. Qxa7 {[%clk 0:00:57]} Qf5 {[%clk 0:01:14]} 24. g3
{[%clk 0:00:49]} g5 {[%clk 0:01:13]} 25. Nxg5 {[%clk 0:00:34]} Bxg5
{[%clk 0:01:11]} 26. Bxg5 {[%clk 0:00:35]} Qxg5 {[%clk 0:01:12]} 27. Qxb6
{[%clk 0:00:36]} Ne6 {[%clk 0:00:54]} 28. Qb8+ {[%clk 0:00:32]} Kg7
{[%clk 0:00:50]} 29. Qb3 {[%clk 0:00:19]} Qd2 {[%clk 0:00:34]} 30. a4
{[%clk 0:00:14]} Qe1+ {[%clk 0:00:35]} 31. Kg2 {[%clk 0:00:15]} Qe4+
{[%clk 0:00:36]} 32. Kg1 {[%clk 0:00:13]} Ng5 {[%clk 0:00:37]} 33. Qd1
{[%clk 0:00:05]} Nf3+ {[%clk 0:00:24]} 34. Kg2 {[%clk 0:00:05]} Ng5+
{[%clk 0:00:23]} 35. Kf1 {[%clk 0:00:04]} Qh1+ {[%clk 0:00:23]} 36. Ke2
{[%clk 0:00:06]} Qf3+ {[%clk 0:00:24]} 37. Kd2 {[%clk 0:00:06]} Qxf2+
{[%clk 0:00:24]} 38. Qe2 {[%clk 0:00:06]} Ne4+ {[%clk 0:00:18]} 39. Kd3
{[%clk 0:00:05]} c4+ {[%clk 0:00:19]} 40. Kxe4 {[%clk 0:00:03]} Qxe2+
{[%clk 0:00:20]} 41. Kd4 {[%clk 0:00:04]} Qd3+ {[%clk 0:00:21]} 0-1

[Event "Wroclaw"]
[Site "?"]
[Date "2020.08.27"]
[Round "4.2"]
[White "Mis, Mieszko"]
[Black "Kokoszczynski, Jan"]
[Result "0-1"]
[BlackElo "2163"]
[WhiteElo "2370"]
[LiveChessVersion "1.4.8"]

1. e4 {[%clk 0:03:03]} c5 {[%clk 0:03:03]} 2. Nf3 {[%clk 0:03:04]} d6
{[%clk 0:03:05]} 3. d4 {[%clk 0:03:05]} cxd4 {[%clk 0:03:06]} 4. Nxd4
{[%clk 0:03:06]} Nf6 {[%clk 0:03:07]} 5. Nc3 {[%clk 0:03:07]} a6 {[%clk 0:03:09]}
6. Be3 {[%clk 0:03:07]} e6 {[%clk 0:03:10]} 7. f3 {[%clk 0:03:08]} b5
{[%clk 0:03:10]} 8. Qd2 {[%clk 0:03:06]} Nbd7 {[%clk 0:03:11]} 9. g4 Nb6 10. a4
{[%clk 0:03:06]} b4 {[%clk 0:03:10]} 11. Nd1 {[%clk 0:02:37]} Qc7
{[%clk 0:02:56]} 12. b3 {[%clk 0:01:59]} d5 {[%clk 0:02:57]} 13. g5
{[%clk 0:01:49]} Nfd7 {[%clk 0:02:59]} 14. Nf2 {[%clk 0:01:46]} Bb7
{[%clk 0:02:59]} 15. Bd3 {[%clk 0:01:44]} Bd6 {[%clk 0:02:55]} 16. O-O-O
{[%clk 0:00:30]} Nc5 {[%clk 0:02:53]} 17. Kb1 {[%clk 0:00:20]} O-O
{[%clk 0:02:50]} 18. h4 {[%clk 0:00:19]} dxe4 {[%clk 0:02:38]} 19. Nxe4
{[%clk 0:00:15]} Nxe4 {[%clk 0:02:40]} 20. Bxe4 {[%clk 0:00:16]} Bxe4
{[%clk 0:02:34]} 21. fxe4 {[%clk 0:00:17]} Be5 {[%clk 0:02:35]} 22. Qxb4
{[%clk 0:00:14]} Rac8 {[%clk 0:02:29]} 23. Rd2 {[%clk 0:00:12]} Rb8
{[%clk 0:02:27]} 24. Qa3 {[%clk 0:00:05]} Nc4 {[%clk 0:02:27]} 25. Qc1
{[%clk 0:00:05]} Nxe3 {[%clk 0:02:27]} 26. Rd3 {[%clk 0:00:04]} Ng4
{[%clk 0:02:22]} 27. Nf3 {[%clk 0:00:04]} Nf2 {[%clk 0:02:21]} 0-1

[Event "Wroclaw"]
[Site "?"]
[Date "2020.08.27"]
[Round "4.3"]
[White "Godzwon, Iwo"]
[Black "Kozak, Antoni"]
[Result "0-1"]
[BlackElo "2320"]
[WhiteElo "2193"]
[LiveChessVersion "1.4.8"]

1. b3 {[%clk 0:03:01]} d5 {[%clk 0:03:03]} 2. Bb2 {[%clk 0:03:00]} Bf5
{[%clk 0:03:02]} 3. Nf3 {[%clk 0:02:56]} e6 {[%clk 0:03:02]} 4. e3
{[%clk 0:02:51]} h6 {[%clk 0:03:01]} 5. Be2 {[%clk 0:02:40]} Nf6 {[%clk 0:03:03]}
6. O-O {[%clk 0:02:34]} Be7 {[%clk 0:03:04]} 7. c4 {[%clk 0:02:33]} c6
{[%clk 0:03:04]} 8. Nc3 {[%clk 0:02:30]} O-O {[%clk 0:03:05]} 9. Rc1
{[%clk 0:02:26]} a5 {[%clk 0:03:02]} 10. d4 {[%clk 0:02:02]} Nbd7
{[%clk 0:02:58]} 11. Re1 {[%clk 0:01:50]} Bh7 {[%clk 0:02:59]} 12. Bf1
{[%clk 0:01:46]} Bb4 {[%clk 0:02:30]} 13. Nd2 {[%clk 0:01:28]} a4
{[%clk 0:01:56]} 14. a3 {[%clk 0:01:09]} Bxc3 {[%clk 0:01:55]} 15. Bxc3
{[%clk 0:01:09]} axb3 {[%clk 0:01:56]} 16. Qxb3 {[%clk 0:01:10]} Qb6
{[%clk 0:01:52]} 17. Bb4 {[%clk 0:01:04]} c5 {[%clk 0:01:44]} 18. Bxc5
{[%clk 0:00:52]} Qxb3 {[%clk 0:01:43]} 19. Nxb3 {[%clk 0:00:52]} Nxc5
{[%clk 0:01:43]} 20. Nxc5 {[%clk 0:00:51]} b6 {[%clk 0:01:40]} 21. Nb7
{[%clk 0:00:45]} Rxa3 {[%clk 0:01:38]} 22. c5 {[%clk 0:00:43]} bxc5
{[%clk 0:01:26]} 23. dxc5 {[%clk 0:00:41]} Rc8 {[%clk 0:01:15]} 24. c6
{[%clk 0:00:31]} Ne8 {[%clk 0:01:11]} 25. Rc5 {[%clk 0:00:25]} Raa8
{[%clk 0:00:57]} 26. Rec1 {[%clk 0:00:23]} Kf8 {[%clk 0:00:54]} 27. c7
{[%clk 0:00:12]} Ra7 {[%clk 0:00:49]} 28. R1c3 {[%clk 0:00:04]} Rxb7
{[%clk 0:00:49]} 29. Ba6 {[%clk 0:00:03]} Rcxc7 {[%clk 0:00:49]} 30. Bxb7
{[%clk 0:00:03]} Rxb7 {[%clk 0:00:47]} 31. h3 {[%clk 0:00:03]} Nd6
{[%clk 0:00:43]} 32. Rc7 0-1

[Event "Wroclaw"]
[Site "?"]
[Date "2020.08.27"]
[Round "4.4"]
[White "Wierzbicki, Michal"]
[Black "Kulesza, Andrzej"]
[Result "1-0"]
[BlackElo "1749"]
[WhiteElo "1681"]
[LiveChessVersion "1.4.8"]

1. e4 {[%clk 0:03:03]} g6 {[%clk 0:03:04]} 2. d4 {[%clk 0:03:04]} Bg7
{[%clk 0:03:05]} 3. Nc3 {[%clk 0:03:05]} d6 {[%clk 0:03:06]} 4. Bg5
{[%clk 0:03:05]} a6 {[%clk 0:03:07]} 5. Qd2 {[%clk 0:02:47]} b5 {[%clk 0:03:07]}
6. f4 {[%clk 0:02:46]} Bb7 {[%clk 0:02:58]} 7. Nf3 {[%clk 0:02:41]} Nf6
{[%clk 0:02:51]} 8. e5 {[%clk 0:02:28]} Nd5 {[%clk 0:02:45]} 9. Bd3
{[%clk 0:02:24]} Nxc3 {[%clk 0:02:37]} 10. Qxc3 {[%clk 0:02:24]} O-O
{[%clk 0:02:12]} 11. O-O {[%clk 0:02:12]} Bd5 {[%clk 0:02:13]} 12. Rae1
{[%clk 0:02:08]} f6 {[%clk 0:02:03]} 13. Bh4 {[%clk 0:02:03]} Qd7
{[%clk 0:01:52]} 14. exf6 {[%clk 0:01:51]} exf6 {[%clk 0:01:52]} 15. Be4
{[%clk 0:01:50]} Bxe4 {[%clk 0:01:28]} 16. Rxe4 {[%clk 0:01:51]} d5
{[%clk 0:01:07]} 17. Re2 {[%clk 0:01:49]} Qc6 {[%clk 0:01:09]} 18. Re7
{[%clk 0:01:39]} Qxc3 {[%clk 0:00:55]} 19. bxc3 {[%clk 0:01:40]} Rf7
{[%clk 0:00:50]} 20. Rfe1 {[%clk 0:01:11]} Nc6 {[%clk 0:00:38]} 21. Re8+
{[%clk 0:01:08]} Rxe8 {[%clk 0:00:28]} 22. Rxe8+ {[%clk 0:01:09]} Rf8
{[%clk 0:00:29]} 23. Re6 {[%clk 0:01:09]} Nb8 {[%clk 0:00:31]} 24. f5
{[%clk 0:01:03]} Kf7 {[%clk 0:00:23]} 25. Re2 {[%clk 0:00:56]} Re8
{[%clk 0:00:17]} 26. fxg6+ {[%clk 0:00:56]} hxg6 {[%clk 0:00:18]} 27. Kf2
{[%clk 0:00:56]} Rxe2+ {[%clk 0:00:19]} 28. Kxe2 {[%clk 0:00:57]} Nc6
{[%clk 0:00:19]} 29. Bg3 {[%clk 0:00:56]} Bh6 {[%clk 0:00:13]} 30. Bxc7
{[%clk 0:00:55]} Bc1 {[%clk 0:00:13]} 31. Ne1 {[%clk 0:00:43]} Bb2
{[%clk 0:00:11]} 32. Kd2 {[%clk 0:00:41]} Ba3 {[%clk 0:00:11]} 33. Nd3
{[%clk 0:00:40]} Ne7 {[%clk 0:00:09]} 34. g4 {[%clk 0:00:39]} Ke6
{[%clk 0:00:06]} 35. Nf4+ {[%clk 0:00:39]} Kf7 {[%clk 0:00:07]} 36. Bd8
{[%clk 0:00:38]} Nc6 {[%clk 0:00:08]} 37. Bb6 {[%clk 0:00:35]} Bd6
{[%clk 0:00:05]} 38. Nxd5 {[%clk 0:00:35]} Bxh2 {[%clk 0:00:06]} 39. Nc7
{[%clk 0:00:33]} Nb8 {[%clk 0:00:07]} 40. Kd3 {[%clk 0:00:29]} Nd7
{[%clk 0:00:06]} 41. Ba5 {[%clk 0:00:29]} Bxc7 {[%clk 0:00:06]} 42. Bxc7
{[%clk 0:00:31]} Ke6 {[%clk 0:00:07]} 43. c4 {[%clk 0:00:29]} f5 {[%clk 0:00:08]}
44. d5+ {[%clk 0:00:28]} Kf6 {[%clk 0:00:05]} 45. gxf5 {[%clk 0:00:29]} bxc4+
{[%clk 0:00:06]} 46. Kxc4 Kxf5 47. Kd4 {[%clk 0:00:26]} g5 {[%clk 0:00:08]} 48.
c4 {[%clk 0:00:27]} g4 {[%clk 0:00:09]} 49. c5 {[%clk 0:00:27]} Nf8
{[%clk 0:00:07]} 50. c6 {[%clk 0:00:27]} Ng6 {[%clk 0:00:08]} 51. Bg3
{[%clk 0:00:27]} Ne7 {[%clk 0:00:09]} 52. Kc5 {[%clk 0:00:26]} Nc8
{[%clk 0:00:08]} 53. d6 {[%clk 0:00:27]} Nxd6 {[%clk 0:00:06]} 54. Kxd6
{[%clk 0:00:27]} 1-0

[Event "Wroclaw"]
[Site "?"]
[Date "2020.08.27"]
[Round "4.5"]
[White "Fus, Jakub"]
[Black "Pacan-Milej, Kosma"]
[Result "1-0"]
[BlackElo "2113"]
[WhiteElo "2113"]
[LiveChessVersion "1.4.8"]

1. d4 {[%clk 0:03:03]} d5 {[%clk 0:03:03]} 2. Bf4 {[%clk 0:03:04]} Nf6
{[%clk 0:02:58]} 3. e3 {[%clk 0:03:05]} e6 {[%clk 0:02:57]} 4. Nd2
{[%clk 0:03:04]} Bd6 {[%clk 0:02:58]} 5. Bg3 {[%clk 0:02:59]} b6 {[%clk 0:02:59]}
6. Ngf3 {[%clk 0:02:52]} Bb7 {[%clk 0:03:00]} 7. Bd3 {[%clk 0:02:51]} O-O
{[%clk 0:02:59]} 8. Ne5 {[%clk 0:02:45]} Nbd7 {[%clk 0:02:35]} 9. O-O
{[%clk 0:02:31]} Ne4 {[%clk 0:02:03]} 10. Nxe4 {[%clk 0:02:27]} dxe4
{[%clk 0:02:02]} 11. Bb5 {[%clk 0:02:22]} Nxe5 {[%clk 0:00:47]} 12. dxe5
{[%clk 0:02:18]} Be7 {[%clk 0:00:42]} 13. Qg4 {[%clk 0:02:06]} Qd5
{[%clk 0:00:08]} 14. Ba4 {[%clk 0:02:01]} b5 {[%clk 0:00:07]} 15. Bb3
{[%clk 0:02:02]} Qc5 {[%clk 0:00:04]} 16. Rad1 {[%clk 0:01:51]} Rfd8
{[%clk 0:00:05]} 17. c3 {[%clk 0:01:45]} a5 {[%clk 0:00:04]} 18. Bc2
{[%clk 0:01:40]} Qc6 {[%clk 0:00:04]} 19. Bh4 {[%clk 0:01:34]} Bxh4
{[%clk 0:00:05]} 20. Qxh4 {[%clk 0:01:36]} Rxd1 {[%clk 0:00:05]} 21. Rxd1
{[%clk 0:01:37]} h6 {[%clk 0:00:05]} 22. h3 {[%clk 0:01:30]} b4 {[%clk 0:00:06]}
23. Qe7 {[%clk 0:01:16]} Re8 {[%clk 0:00:07]} 24. Qd7 {[%clk 0:01:16]} bxc3
{[%clk 0:00:07]} 25. bxc3 {[%clk 0:01:13]} Rf8 {[%clk 0:00:06]} 26. Qxc6
{[%clk 0:01:02]} Bxc6 {[%clk 0:00:07]} 27. Rd4 {[%clk 0:01:01]} Rb8
{[%clk 0:00:07]} 28. Bxe4 {[%clk 0:01:01]} Bxe4 {[%clk 0:00:08]} 29. Rxe4
{[%clk 0:01:01]} Rb5 {[%clk 0:00:08]} 30. Rc4 {[%clk 0:00:58]} c5
{[%clk 0:00:06]} 31. Kh2 {[%clk 0:00:53]} Kf8 {[%clk 0:00:06]} 32. a4
{[%clk 0:00:54]} Rb6 {[%clk 0:00:04]} 33. Rxc5 {[%clk 0:00:54]} Ra6
{[%clk 0:00:03]} 34. Kg3 {[%clk 0:00:51]} Ra7 {[%clk 0:00:05]} 35. Kf4
{[%clk 0:00:49]} Ke7 {[%clk 0:00:06]} 36. Rb5 {[%clk 0:00:45]} Kd7
{[%clk 0:00:08]} 37. c4 {[%clk 0:00:45]} Rc7 {[%clk 0:00:08]} 38. c5
{[%clk 0:00:46]} Ra7 {[%clk 0:00:06]} 39. Rb6 {[%clk 0:00:42]} Rc7
{[%clk 0:00:07]} 40. Rb5 {[%clk 0:00:40]} Ra7 {[%clk 0:00:06]} 41. Ke4
{[%clk 0:00:39]} Kc6 {[%clk 0:00:07]} 42. Kd4 {[%clk 0:00:40]} Rd7+
{[%clk 0:00:08]} 43. Kc4 {[%clk 0:00:41]} Rd1 {[%clk 0:00:06]} 44. Rxa5
{[%clk 0:00:34]} Rc1+ {[%clk 0:00:07]} 45. Kd3 {[%clk 0:00:34]} Rb1
{[%clk 0:00:05]} 46. Ke4 {[%clk 0:00:31]} Rb4+ {[%clk 0:00:05]} 47. Kf3
{[%clk 0:00:32]} f5 {[%clk 0:00:04]} 48. Ra7 {[%clk 0:00:24]} Kxc5
{[%clk 0:00:05]} 49. Rxg7 {[%clk 0:00:24]} Rxa4 {[%clk 0:00:06]} 50. Rg6
{[%clk 0:00:25]} Kd5 {[%clk 0:00:07]} 51. Rxh6 {[%clk 0:00:26]} Kxe5
{[%clk 0:00:08]} 52. Rh8 {[%clk 0:00:25]} Kf6 {[%clk 0:00:08]} 53. Rb8
{[%clk 0:00:26]} e5 {[%clk 0:00:09]} 54. g3 {[%clk 0:00:24]} Ra2 {[%clk 0:00:07]}
55. Rb6+ {[%clk 0:00:24]} Kg5 {[%clk 0:00:08]} 56. h4+ {[%clk 0:00:25]} Kh5
{[%clk 0:00:09]} 57. Rb5 {[%clk 0:00:26]} e4+ {[%clk 0:00:06]} 58. Kg2
{[%clk 0:00:27]} Kg6 {[%clk 0:00:05]} 59. Rb6+ {[%clk 0:00:28]} Kh5
{[%clk 0:00:06]} 60. Rf6 {[%clk 0:00:27]} Ra5 {[%clk 0:00:06]} 61. Kh3
{[%clk 0:00:27]} Rb5 {[%clk 0:00:06]} 62. Rxf5+ {[%clk 0:00:28]} Rxf5
{[%clk 0:00:07]} 63. g4+ {[%clk 0:00:29]} Kg6 {[%clk 0:00:08]} 64. gxf5+
{[%clk 0:00:30]} Kxf5 {[%clk 0:00:09]} 65. Kg3 {[%clk 0:00:32]} Kf6
{[%clk 0:00:09]} 66. Kf4 {[%clk 0:00:31]} 1-0

[Event "Wroclaw"]
[Site "?"]
[Date "2020.08.27"]
[Round "4.6"]
[White "Psyk, Radoslaw"]
[Black "Pytel, Maciej"]
[Result "1-0"]
[BlackElo "1867"]
[WhiteElo "2288"]
[LiveChessVersion "1.4.8"]

1. Nf3 {[%clk 0:03:03]} Nf6 {[%clk 0:03:04]} 2. g3 {[%clk 0:03:05]} g6
{[%clk 0:03:05]} 3. Bg2 {[%clk 0:03:06]} Bg7 {[%clk 0:03:06]} 4. O-O
{[%clk 0:03:07]} O-O {[%clk 0:03:06]} 5. d4 {[%clk 0:03:08]} d6 {[%clk 0:03:06]}
6. c4 {[%clk 0:03:07]} Nc6 {[%clk 0:03:07]} 7. Nc3 {[%clk 0:03:08]} Bg4
{[%clk 0:03:08]} 8. d5 {[%clk 0:03:04]} Bxf3 {[%clk 0:03:07]} 9. exf3
{[%clk 0:02:48]} Na5 {[%clk 0:03:08]} 10. Qe2 {[%clk 0:02:45]} c5
{[%clk 0:03:09]} 11. f4 {[%clk 0:02:43]} Nd7 {[%clk 0:03:06]} 12. Bd2
{[%clk 0:02:39]} a6 {[%clk 0:02:57]} 13. Rfe1 {[%clk 0:02:29]} Re8
{[%clk 0:02:57]} 14. Rad1 {[%clk 0:02:26]} Rb8 {[%clk 0:02:45]} 15. b3
{[%clk 0:02:05]} b6 {[%clk 0:02:02]} 16. h4 {[%clk 0:02:04]} Nf6 {[%clk 0:01:48]}
17. Bf3 {[%clk 0:01:50]} Qd7 {[%clk 0:01:32]} 18. Kg2 {[%clk 0:01:46]} h5
{[%clk 0:01:30]} 19. Qd3 {[%clk 0:01:44]} Ng4 {[%clk 0:01:21]} 20. Na4
{[%clk 0:01:37]} b5 {[%clk 0:00:55]} 21. Nxc5 {[%clk 0:01:29]} dxc5
{[%clk 0:00:55]} 22. Bxa5 {[%clk 0:01:28]} b4 {[%clk 0:00:48]} 23. d6
{[%clk 0:01:14]} exd6 {[%clk 0:00:41]} 24. Rxe8+ {[%clk 0:01:14]} Rxe8
{[%clk 0:00:41]} 25. Qxd6 {[%clk 0:01:12]} Qxd6 {[%clk 0:00:22]} 26. Rxd6
{[%clk 0:01:13]} Re1 {[%clk 0:00:21]} 27. a3 {[%clk 0:00:43]} Bc3
{[%clk 0:00:10]} 28. axb4 {[%clk 0:00:40]} Rb1 {[%clk 0:00:07]} 29. Rxa6
{[%clk 0:00:35]} Rxb3 {[%clk 0:00:05]} 30. bxc5 {[%clk 0:00:34]} Bd4
{[%clk 0:00:06]} 31. Bxg4 {[%clk 0:00:28]} hxg4 {[%clk 0:00:06]} 32. c6
{[%clk 0:00:16]} Rb2 {[%clk 0:00:07]} 33. Be1 {[%clk 0:00:16]} Rc2
{[%clk 0:00:06]} 34. Ra4 {[%clk 0:00:13]} Bb6 {[%clk 0:00:07]} 35. Rb4
{[%clk 0:00:13]} Bc7 {[%clk 0:00:04]} 36. Rb7 {[%clk 0:00:13]} Bd6
{[%clk 0:00:05]} 37. Rd7 {[%clk 0:00:08]} Bb8 38. Rd8+ {[%clk 0:00:09]} Kg7
{[%clk 0:00:04]} 39. Rxb8 {[%clk 0:00:09]} Rxc4 {[%clk 0:00:05]} 40. Rb6
{[%clk 0:00:10]} 1-0

[Event "Wroclaw"]
[Site "?"]
[Date "2020.08.27"]
[Round "4.7"]
[White "Golenia, Wojciech"]
[Black "Iwanczuk, Krzysztof"]
[Result "0-1"]
[BlackElo "1799"]
[WhiteElo "1981"]
[LiveChessVersion "1.4.8"]

1. d4 {[%clk 0:03:02]} e6 {[%clk 0:03:03]} 2. Nf3 {[%clk 0:02:56]} b6
{[%clk 0:03:04]} 3. g3 {[%clk 0:02:56]} Bb7 {[%clk 0:03:06]} 4. Bg2
{[%clk 0:02:58]} f5 {[%clk 0:03:06]} 5. O-O {[%clk 0:02:58]} Nf6 {[%clk 0:03:07]}
6. c4 {[%clk 0:02:56]} Be7 {[%clk 0:03:04]} 7. Nc3 {[%clk 0:02:57]} O-O
{[%clk 0:03:00]} 8. d5 {[%clk 0:02:35]} Na6 {[%clk 0:02:42]} 9. dxe6
{[%clk 0:01:27]} dxe6 {[%clk 0:02:42]} 10. Qc2 {[%clk 0:01:27]} Nc5
{[%clk 0:02:12]} 11. Rd1 {[%clk 0:01:28]} Qe8 {[%clk 0:02:10]} 12. Bf4
{[%clk 0:01:29]} Rc8 {[%clk 0:01:59]} 13. Nb5 {[%clk 0:01:19]} Na6
{[%clk 0:01:22]} 14. Nxa7 {[%clk 0:01:06]} Rd8 {[%clk 0:01:22]} 15. Nb5
{[%clk 0:01:04]} Qc6 {[%clk 0:00:57]} 16. Nbd4 {[%clk 0:00:40]} Qd7
{[%clk 0:00:24]} 17. Ne5 {[%clk 0:00:30]} Qc8 {[%clk 0:00:21]} 18. Bxb7
{[%clk 0:00:11]} Qxb7 {[%clk 0:00:22]} 19. Nxe6 {[%clk 0:00:11]} Rxd1+
{[%clk 0:00:16]} 20. Rxd1 {[%clk 0:00:12]} Re8 {[%clk 0:00:17]} 21. Qxf5
{[%clk 0:00:07]} Bd6 {[%clk 0:00:14]} 22. Ng5 {[%clk 0:00:03]} Nc5
{[%clk 0:00:11]} 23. Nef7 0-1